| 000 | 00357nam a22001217a 4500 | ||
|---|---|---|---|
| 005 | 20251108175830.0 | ||
| 008 | 250721s1965 xx 000 0 eng d | ||
| 100 | 1 | _aCAMPBELL, HUGH G. | |
| 245 | 1 | 3 | _aAN INTRODUCTION TO MATRICES VECTORS AND LINEARPROGRAMMING / |
| 264 | 1 |
_aNEW YORK : _bAPPLETON CRNTURY CROFTS, _c1965. |
|
| 942 |
_2ddc _cBK |
||
| 999 |
_c143485 _d143485 |
||